Between democracy and terror : (Record no. 60107)
[ view plain ]
| 000 -LEADER | |
|---|---|
| fixed length control field | 01112cam a2200277 a 4500 |
| 001 - CONTROL NUMBER | |
| control field | 13921380 |
| 003 - CONTROL NUMBER IDENTIFIER | |
| control field | ARRUPE |
| 005 - DATE AND TIME OF LATEST TRANSACTION | |
| control field | 20170614105238.0 |
| 008 - FIXED-LENGTH DATA ELEMENTS--GENERAL INFORMATION | |
| fixed length control field | 050331s2004 sg b b 000 0 eng |
| 010 ## - LIBRARY OF CONGRESS CONTROL NUMBER | |
| LC control number | 2005327171 |
| 020 ## - INTERNATIONAL STANDARD BOOK NUMBER | |
| International Standard Book Number | 2869781237 (pbk.) |
| 040 ## - CATALOGING SOURCE | |
| Original cataloging agency | DLC |
| Transcribing agency | DLC |
| Modifying agency | DLC |
| 042 ## - AUTHENTICATION CODE | |
| Authentication code | lcode |
| 043 ## - GEOGRAPHIC AREA CODE | |
| Geographic area code | f-sl--- |
| 050 00 - LIBRARY OF CONGRESS CALL NUMBER | |
| Classification number | DT516.826 |
| Item number | .B48 2004 |
| 300 ## - PHYSICAL DESCRIPTION | |
| Other physical details | maps ; |
| Dimensions | 23 cm. |
| 245 00 - TITLE STATEMENT | |
| Title | Between democracy and terror : |
| Remainder of title | the Sierra Leone civil war / |
| Statement of responsibility, etc | edited by Ibrahim Abdullah. |
| 260 ## - PUBLICATION, DISTRIBUTION, ETC. (IMPRINT) | |
| Place of publication, distribution, etc | Dakar, Senegal : |
| Name of publisher, distributor, etc | Council for the Development of Social Science Research in Africa, |
| Date of publication, distribution, etc | c2004. |
| 300 ## - PHYSICAL DESCRIPTION | |
| Extent | x, 263 p. : |
| 490 0# - SERIES STATEMENT | |
| Series statement | Codesria book series |
| 504 ## - BIBLIOGRAPHY, ETC. NOTE | |
| Bibliography, etc | Includes bibliographical references (p. [254]-263). |
| 651 #0 - SUBJECT ADDED ENTRY--GEOGRAPHIC NAME | |
| Geographic name | Sierra Leone |
| General subdivision | History |
| Chronological subdivision | Civil War, 1991-2002. |
| 9 (RLIN) | 32570 |
| 700 1# - ADDED ENTRY--PERSONAL NAME | |
| Personal name | Abdullah, Ibrahim. |
| 9 (RLIN) | 32571 |
| 710 2# - ADDED ENTRY--CORPORATE NAME | |
| Corporate name or jurisdiction name as entry element | Codesria. |
| 9 (RLIN) | 32572 |
| 906 ## - LOCAL DATA ELEMENT F, LDF (RLIN) | |
| a | 7 |
| b | cbc |
| c | origode |
| d | 3 |
| e | ncip |
| f | 20 |
| g | y-gencatlg |
| 942 ## - ADDED ENTRY ELEMENTS (KOHA) | |
| Source of classification or shelving scheme | Library of Congress Classification |
| Koha item type | Monograph ( Printed materials) |
| Withdrawn status | Lost status | Source of classification or shelving scheme | Damaged status | Not for loan | Collection code | Home library | Current library | Shelving location | Date acquired | Total Checkouts | Full call number | Barcode | Date last seen | Date checked out | Copy number | Price effective from | Koha item type |
|---|---|---|---|---|---|---|---|---|---|---|---|---|---|---|---|---|---|
| Library of Congress Classification | Main Collection | ARRUPE LIBRARY | ARRUPE LIBRARY | 05/03/2013 | 1 | DT516.8.B46 2004 | 46003092406 | 07/12/2017 | 16/10/2013 | 1 | 05/03/2013 | Monograph ( Printed materials) |